000 00930nas a2200301 i 4500
001 2216
003 ES-MaACL
005 20250814062556.0
007 t|
008 950801d18421935fr | | 1 ||re d
022 _a1246-6980
080 _a(44)
080 _a06
080 _a32
245 0 0 _aSéances et travaux de l'Académie des Sciences Morales et Politiques
_b: compte rendu.
260 _aParis :
_bBureau du Moniteur Universel,
_c1842-1935.
300 _a66 v. ;
_c21 cm.
310 _aSemestral
321 _aTrimestral,
_b1842-70
362 0 _a1842-1935.
500 _aEn el año 1876 se publican dos años de la revista.
650 4 _aInstituciones científicas y diversas
_913829
650 7 _aPolítica
_2embne
_9140345
710 2 _aAcadémie des sciences morales et politiques (Francia)
_91232
852 _aES-MaACL
_jHem-488
866 0 _o1864-79(1880)1881-90(1891)1892-96.
999 _c2216
_d2216